Liste des noms de Pokémon finissant par G - Statistiques

Statistiques générales
  • Ce quiz a été pris 57 fois
  • Le résultat moyen est 5 sur 13
Statistiques - réponses
Pokémon % Correct
Galeking
64%
Girafarig
64%
Nidoking
57%
Carabing
46%
Tag-Tag
39%
Archéodong
36%
Métang
36%
Serpang
36%
Ursaking
32%
Ursaring
25%
Cosmog
21%
Fulgudog
18%
Noarfang
18%
Aucun quiz correspondant
Distribution des résultats
% des personnes avec chaque résultat
Percentile par nombre de réponses
Votre historique - résultats
Vous n’avez pas pris ce quiz